KOHA-Header-6

Professional C # 2 (Record no. 8035)

000 -LEADER
fixed length control field 00255nam a2200109Ia 4500
100 ## - MAIN ENTRY--AUTHOR NAME
Personal name Rossbach, Peter
245 #0 - TITLE STATEMENT
Title Professional C # 2
260 ## - PUBLICATION, DISTRIBUTION, ETC. (IMPRINT)
Place of publication USA
Name of publisher Microsoft Press
Year of publication 1998
300 ## - PHYSICAL DESCRIPTION
Number of Pages 925
942 ## - ADDED ENTRY ELEMENTS (KOHA)
Koha item type Books
Holdings
Withdrawn status Lost status Collection code Permanent Location Current Location Shelving location Date acquired Full call number Accession Number Koha item type
    Computer Languages MAJU MAJU Shelf No.A18 2019-09-13 005.73 2378 Computer Languages

Powered by Koha